Quy hoạch toán học : Các phương pháp tối ưu hoá. Các mô hình thực tế. Các chương trình mẫu Pascal
Bài toán tối ưu tổng quát và vấn đề mô hình hoá toán học. Qui hoạch tuyến tính. Bài toán vận tải, qui hoạch tham số. Qui hoạch động. Một số phương pháp giải qui hoạch cỡ lớn. Qui hoạch phi tuyến, qui hoạch rời rạc, qui hoạch đa mục tiêu...
Salvato in:
| Autore principale: | |
|---|---|
| Natura: | Libro |
| Lingua: | Undetermined |
| Pubblicazione: |
Hà Nội
Khoa học và Kỹ thuật
2006
|
| Soggetti: | |
| Tags: |
Aggiungi Tag
Nessun Tag, puoi essere il primo ad aggiungerne! !
|
| Thư viện lưu trữ: | Trung tâm Học liệu Trường Đại học Cần Thơ |
|---|
| LEADER | 01067nam a2200217Ia 4500 | ||
|---|---|---|---|
| 001 | CTU_162043 | ||
| 008 | 210402s9999 xx 000 0 und d | ||
| 020 | |c 79000 | ||
| 082 | |a 519.3 | ||
| 082 | |b Tr300 | ||
| 100 | |a Bùi, Minh Trí | ||
| 245 | 0 | |a Quy hoạch toán học : | |
| 245 | 0 | |b Các phương pháp tối ưu hoá. Các mô hình thực tế. Các chương trình mẫu Pascal | |
| 245 | 0 | |c Bùi Minh Trí | |
| 260 | |a Hà Nội | ||
| 260 | |b Khoa học và Kỹ thuật | ||
| 260 | |c 2006 | ||
| 520 | |a Bài toán tối ưu tổng quát và vấn đề mô hình hoá toán học. Qui hoạch tuyến tính. Bài toán vận tải, qui hoạch tham số. Qui hoạch động. Một số phương pháp giải qui hoạch cỡ lớn. Qui hoạch phi tuyến, qui hoạch rời rạc, qui hoạch đa mục tiêu | ||
| 650 | |a Mathematical optimization,Toán học tối ưu | ||
| 910 | |a Nguyên (tuyen sua ) | ||
| 980 | |a Trung tâm Học liệu Trường Đại học Cần Thơ | ||